Cash Management Practices of Photo Studio Businesses in the First District of Rizal (Record no. 83788)

MARC details
000 -LEADER
fixed length control field 01184nam a22001697a 4500
003 - CONTROL NUMBER IDENTIFIER
control field URS
005 - DATE AND TIME OF LATEST TRANSACTION
control field 20250728145242.0
008 - FIXED-LENGTH DATA ELEMENTS--GENERAL INFORMATION
fixed length control field 250728b |||||||| |||| 00| 0 eng d
100 ## - MAIN ENTRY--PERSONAL NAME
Personal name Antinero, Genie Mae S.
245 ## - TITLE STATEMENT
Title <a href="Cash Management Practices of Photo Studio Businesses in the First District of Rizal">Cash Management Practices of Photo Studio Businesses in the First District of Rizal</a>
Remainder of title Genie Mae S. Antinero, Rosalyn S. Cabrera, Joyleen S. Roja
260 ## - PUBLICATION, DISTRIBUTION, ETC. (IMPRINT)
Date of publication, distribution, etc 2025
300 ## - PHYSICAL DESCRIPTION
Extent xvii, 116
502 ## - DISSERTATION NOTE
Dissertation note Thesis
Degree type Bachelor of Science in Business Administration Major in Financial Management
Name of granting institution URS Binangonan
Year degree granted 2025
520 ## - SUMMARY, ETC.
Summary, etc This study aimed to determine the Cash Management Practices of Photo<br/>Studio Businesses in the First District of Rizal in terms of Cash Receipts and Cash Disbursement.<br/>The researchers used the descriptive research method to determine the recent cash management practices of the Photo Studios Businesses through gathering data using the questionnaire checklist to 32 Owners/Managers of the businesses. The data collected were treated with different statistical instruments<br/>such as frequency, percentage and rank distribution, weighted mean, and one-way analysis of variance.
700 ## - ADDED ENTRY--PERSONAL NAME
Personal name Arabella B. Pabilonia
Relator term Adviser
942 ## - ADDED ENTRY ELEMENTS (KOHA)
Source of classification or shelving scheme Library of Congress Classification
Koha item type Theses and dissertations
Holdings
Withdrawn status Source of classification or shelving scheme Damaged status Not for loan Home library Current library Date acquired Total Checkouts Barcode Date last seen Price effective from Koha item type
  Library of Congress Classification     Binangonan College Library Binangonan College Library 07/28/2025   URSBIN-UGT3283 07/28/2025 07/28/2025 Theses and dissertations

University of Rizal System
Email us at univlibservices@urs.edu.ph

Visit our Website www.urs.edu.ph/library